Treballem la diversitat : carpeta de recursos per a la informació objectiva i el foment d'una actitud positiva i solidària dels alumnes d'E.G.B. cap a les persones amb disminució / autors: Miriam Torrella [i 4 més] ; coordinació: Nuria Mollà carpeta de recursos per a la informació objectiva i el foment d'una actitud positiva i solidària dels alumnes d'E.G.B. cap a les persones amb disminució /
Descripción Física:
100 pàgines no numerades ; il·lustracions ; 30 cm
Idioma:
Catalán
MARC
| LEADER | 00000nam a2200000 a 4500 | ||
|---|---|---|---|
| 001 | 26430 | ||
| 008 | 220810b spa||||| |||| 00| 0 cat d | ||
| 080 | |a Bib-893 | ||
| 245 | 0 | 0 | |a Treballem la diversitat : |b carpeta de recursos per a la informació objectiva i el foment d'una actitud positiva i solidària dels alumnes d'E.G.B. cap a les persones amb disminució / |b autors: Miriam Torrella [i 4 més] ; coordinació: Nuria Mollà |
| 260 | |a Barcelona : |b Diputació de Barcelona, Àrea d'Educació, |c juny de 1990 | ||
| 300 | |a 100 pàgines no numerades ; |b il·lustracions ; |c 30 cm | ||
| 650 | 0 | |a Infants discapacitats |x Ensenyament |9 54146 |2 Arxiu | |
| 650 | 0 | |a Alumnes discapacitats |x Integració |9 42056 |2 Arxiu | |
| 700 | 1 | |a Torrella, Míriam |9 54144 |e autor | |
| 700 | 1 | |a Mollà, Núria |9 54145 |e coordinador | |
| 710 | |9 8009 |a Barcelona (Catalunya : Província). |b Àrea d'Educació | ||
| 901 | |a Arxiu | ||
| 942 | |n 1 |2 udc |c ARXIU | ||
| 952 | |0 0 |1 0 |4 0 |6 BIB893 |7 1 |9 63396 |a Arxiu |b Arxiu |d 2022-08-10 |l 0 |o Bib-893 |p 26430 |r 2022-08-10 00:00:00 |w 2022-08-10 |y ARXIU | ||
| 952 | |0 0 |1 0 |4 0 |6 PDL |7 1 |9 63407 |a Arxiu |b Arxiu |d 2022-08-11 |l 0 |o PDL |p 26441 |r 2022-08-11 00:00:00 |w 2022-08-11 |y ARXIU | ||
| 999 | |c 82578 |d 82578 | ||